| 000 | 01131cab a2200193 4500 | ||
|---|---|---|---|
| 001 | ##L134427 | ||
| 008 | 060804n2006 000 0 eng u | ||
| 035 | _a(Sirsi) u134427 | ||
| 041 | 0 | _aeng | |
| 100 | 1 | _aRobins, Jon | |
| 245 | 0 | 0 | _aTaking cover |
| 260 | _c2006 | ||
| 490 | 0 |
_aLaw Society's Gazette _v103(30) 27 July 2006, 18-21(3) |
|
| 520 | _aLooks at the market for solicitors' professional indemnity insurance. Argues that the number of insurers in the market is probably sufficient to ensure that fears of a rise in rates for compulsory minimum insurance are probably unfounded, although the excess-layer market, where firms buy extra coverage above the minimum set by the Law Society, may see a rise in rates. Also discusses the pros and cons of aggregation clauses, and the assigned risks pool, which is formed by those firms that are unable to obtain insurance from the market, and which is underwritten by all insurers according to market share. | ||
| 590 | _aIKA010806 | ||
| 651 | 4 |
_aEngland and Wales _y1543- |
|
| 690 | _aMANAGEMENT-BUSINESS MANAGEMENT-INSURANCE-PROFESSIONAL INDEMNITY INSURANCE | ||
| 942 | _n0 | ||
| 999 |
_c77519 _d77519 |
||